Central Library OPAC University of Rajshahi

A textbook of Plant physiology / (Record no. 37347)

MARC details
000 -LEADER
fixed length control field 00630nam a22002297a 4500
001 - CONTROL NUMBER
control field 37347
003 - CONTROL NUMBER IDENTIFIER
rucl marc code BD-RjUL
005 - DATE AND TIME OF LATEST TRANSACTION
control field 20211209052612.0
008 - FIXED-LENGTH DATA ELEMENTS--GENERAL INFORMATION
fixed length control field 141202s1999 ii a|||| |||| 001 0 eng d
020 ## - INTERNATIONAL STANDARD BOOK NUMBER
International Standard Book Number 9788121918961
035 ## - SYSTEM CONTROL NUMBER
System control number (BD-RjUL)37450
040 ## - CATALOGING SOURCE
Original cataloging agency BD-RjUL
Language of cataloging eng
Transcribing agency BD-RjUL
041 ## - LANGUAGE CODE
Language code of text/sound track or separate title eng
082 ## - DEWEY DECIMAL CLASSIFICATION NUMBER
Edition number 19
Classification number 581.1
Author mark and year VET 1999
100 ## - MAIN ENTRY--PERSONAL NAME
Personal name Verma, S.K.
9 (RLIN) 114476
245 ## - TITLE STATEMENT
Title A textbook of Plant physiology /
Statement of responsibility, etc. S.K. Verma.
260 ## - PUBLICATION, DISTRIBUTION, ETC. (IMPRINT)
Place of publication, distribution, etc. Delhi :
Name of publisher, distributor, etc. S. Chand & Companany Ltd.
Date of publication, distribution, etc. 1999.
300 ## - PHYSICAL DESCRIPTION
Pagination Viii, 464 p.:
Illustrations ill.;
Size 24 cm.
500 ## - GENERAL NOTE
General note Includes index.
650 ## - SUBJECT ADDED ENTRY--TOPICAL TERM
Topical term or geographic name as entry element Plant physiology.
9 (RLIN) 114477
942 ## - ADDED ENTRY ELEMENTS (KOHA)
Source of classification or shelving scheme Dewey Decimal Classification
Koha item type Books
Holdings
Lost status Source of classification or shelving scheme Damaged status Not for loan Collection code Permanent Location Current Location Shelving location Date acquired Source of acquisition Cost, normal purchase price Total Checkouts Full call number Date last seen Copy number Koha item type
  Dewey Decimal Classification   Not For Loan Non-fiction Institute of Biological Sciences (IBSc) Library Institute of Biological Sciences (IBSc) Library   23/03/2011 Ureka book 85.00   581.1 VET 1999 02/12/2014 C-1 Books